000 00956nam a2200205Ii 4500
003 JO-AjNU
008 230605s9999||||xx |||||||||||||| ||und||
040 _aJO-AjNU
_bara
_erda
_cJO-AjNU
041 _aara
050 1 4 _aHD1698.S33.S27 1998
100 3 _a السرياني، محمد محمود,
_eauthor
_956915
245 0 0 _a المياه في المدينة السعودية: دراسة في الموازنة بين المصادر والاحتياجات
264 3 1 _aالكويت: الجمعية الجغرافية الكويتية، 1998
300 _a68ص
_bيحتوي على ملاحق وجداول
336 _atext
_btxt
_2rdacontent
337 _aunmediated
_bn
_2rdamedia
338 _avolume
_bnc
_2rdacarrier
490 0 _aرسائل جغرافية 217
650 4 _aالمياة-السعودية - مياة الشرب - مياة المعدنية المياة العذبه- المياة الجوفية- مصادر المياة
_956916
999 _aA25474
_c29042
_d29042